Earth (Record no. 555705)

MARC details
000 -LEADER
fixed length control field 00685nam a2200253Ia 4500
003 - CONTROL NUMBER IDENTIFIER
control field OSt
005 - DATE AND TIME OF LATEST TRANSACTION
control field 20220925210638.0
008 - FIXED-LENGTH DATA ELEMENTS--GENERAL INFORMATION
fixed length control field 220923b |||||||| |||| 00| 0 eng d
037 ## - SOURCE OF ACQUISITION
Terms of availability General Book
040 ## - CATALOGING SOURCE
Original cataloging agency RTL
Transcribing agency RTL
Language of cataloging eng
041 ## - LANGUAGE CODE
Source of code eng
Language code of text/sound track or separate title eng
100 ## - MAIN ENTRY--PERSONAL NAME
Personal name Montgomery Carla W
9 (RLIN) 272879
245 #0 - TITLE STATEMENT
Title Earth
Remainder of title Then and now
250 ## - EDITION STATEMENT
Edition statement Ed 2nd
260 ## - PUBLICATION, DISTRIBUTION, ETC.
Place of publication, distribution, etc. Iowa
Name of publisher, distributor, etc. W C Brown
Date of publication, distribution, etc. 1994
300 ## - PHYSICAL DESCRIPTION
Extent xv,568p. Glossary p. 545-57
Dimensions cm.
650 ## - SUBJECT ADDED ENTRY--TOPICAL TERM
Topical term or geographic name entry element Geology
9 (RLIN) 15465
700 ## - ADDED ENTRY--PERSONAL NAME
Personal name Dathe David
9 (RLIN) 272880
942 ## - ADDED ENTRY ELEMENTS (KOHA)
Classification part H, N4
Koha item type General Books
Source of classification or shelving scheme Colon Classification (CC)

No items available.

Copyright @ Delhi University Library System